书目信息 |
| 题名: |
大棚日光温室稀特菜栽培技术
|
|
| 作者: | 陈桂林 主编 | |
| 分册: | ||
| 出版信息: | 北京 金盾出版社 2000 |
|
| 页数: | ||
| 开本: | 19cm | |
| 丛书名: | ||
| 单 册: | ||
| 中图分类: | S626.5 | |
| 科图分类: | ||
| 主题词: | 园艺--温室栽培 , 园艺--设施 , 保护地栽培 | |
| 电子资源: | ||
| ISBN: | 7-5082-1103-0 | |
| 000 | 00605nam0 2200205 450 | |
| 001 | 0754114953 | |
| 005 | 20070929150154.95 | |
| 010 | @a7-5082-1103-0 | |
| 100 | @a20070929d km y0chiy0120 ea | |
| 101 | 0 | @achi |
| 200 | 1 | @a大棚日光温室稀特菜栽培技术@Ada peng ri guang wen shi xi te cai zai pei ji shu@f陈桂林 主编@Fchen gui lin zhu bian |
| 210 | @a北京@c金盾出版社@d2000 | |
| 215 | @c插图@d19cm | |
| 606 | 0 | @a园艺@x温室栽培 |
| 606 | 0 | @a园艺@x设施 |
| 606 | 0 | @a保护地栽培 |
| 690 | @aS626.5@v3 | |
| 701 | 0 | @a陈桂林@Achen gui lin@4主编 |
| 801 | 0 | @aCN@bPFT@c20070929 |
| 905 | @a213230@dS626.5@eh24@f1 | |
| 大棚日光温室稀特菜栽培技术/陈桂林 主编.-北京:金盾出版社,2000 |
| 插图;19cm |
| ISBN 7-5082-1103-0: |
| ● |
| 相关链接 |
|
|
|
|
正题名:大棚日光温室稀特菜栽培技术
索取号:S626.5/h24
 
预约/预借
| 序号 | 登录号 | 条形码 | 馆藏地/架位号 | 状态 | 备注 |
| 1 | 6001917 | 260019170 | 化学系资料室/ [索取号:S626.5/h24] | 在馆 |